000 00412nam a22001697a 4500
005 20180810112832.0
008 160624b xxu||||| |||| 00| 0 eng d
020 _a9814-12-687-X
041 _aeng
082 _b9928
_a658.3
100 _aDECENO, DAVID. A and ROBBINS, STEPHEN P
_94753
245 _aHuman Resource Management
260 _bWiley
300 _a489p,
650 _aManagement
_9241
942 _cBK
999 _c3874
_d3873